<?xml version="1.0" encoding="UTF-8"?>
<collection xmlns="http://www.loc.gov/MARC21/slim">
  <record>
    <leader>00000nam  2200000   4500</leader>
    <controlfield tag="001">INLIS000000000019160</controlfield>
    <controlfield tag="005">20250207040210</controlfield>
    <datafield tag="035" ind1="#" ind2="#">
      <subfield code="a">0010-0225000117</subfield>
    </datafield>
    <controlfield tag="007">ta</controlfield>
    <controlfield tag="008">250207################g##########0#ind##</controlfield>
    <datafield tag="100" ind1=" " ind2="#">
      <subfield code="a">Sherlinda Octa</subfield>
    </datafield>
    <datafield tag="245" ind1="1" ind2="#">
      <subfield code="a">Empowerment Timur dan Barat Indonesia /</subfield>
      <subfield code="c">Sherlinda Octa</subfield>
    </datafield>
    <datafield tag="260" ind1="#" ind2="#">
      <subfield code="a">Sleman :</subfield>
      <subfield code="b">Deepublish,</subfield>
      <subfield code="c">2020</subfield>
    </datafield>
    <datafield tag="300" ind1="#" ind2="#">
      <subfield code="a">x, 52 hlm. ;</subfield>
      <subfield code="c">1.3 MB</subfield>
    </datafield>
    <datafield tag="650" ind1="#" ind2="4">
      <subfield code="a">Empowerment</subfield>
    </datafield>
    <datafield tag="020" ind1="#" ind2="#">
      <subfield code="a">978-623-02-0691-7</subfield>
    </datafield>
    <datafield tag="082" ind1="#" ind2="#">
      <subfield code="a">341.48</subfield>
    </datafield>
    <datafield tag="084" ind1="#" ind2="#">
      <subfield code="a">341.48 SHE e</subfield>
    </datafield>
    <datafield tag="520" ind1="#" ind2="#">
      <subfield code="a">Buku ini berjudul Empowernment Timur &amp; Barat Indonesia, di mana buku ini membahas tentang mengapa harus melakukan pemberdayaan ke daerah terpencil Indonesia dan peran terbaik yang bisa dibagikan seperti pengalaman dan pengetahuan terutama bidang pendidikan.</subfield>
    </datafield>
    <datafield tag="856" ind1="#" ind2="#">
      <subfield code="a">https://web-ipustakalan.moco.co.id/book/f0f41eb2-e511-4c07-8a4c-95efc7af2d3b</subfield>
    </datafield>
    <datafield tag="990" ind1="#" ind2="#">
      <subfield code="a">2024/4/A/0138</subfield>
    </datafield>
    <datafield tag="990" ind1="#" ind2="#">
      <subfield code="a">2024/4/A/0139</subfield>
    </datafield>
  </record>
</collection>
